[Event "Mondiale Semilampo 2016"]
[Site "Doha QAT"]
[Date "2016.12.28"]
[Round "12.59"]
[White "Stratonowitsch, Andre"]
[Black "Shytaj, Luca"]
[Result "0-1"]
[BlackTitle "IM"]
[WhiteElo "2138"]
[BlackElo "2435"]
[WhiteFideId "24613959"]
[BlackFideId "812633"]
[EventDate "2016.12.26"]

1. e4 c5 2. Nf3 d6 3. d4 Nf6 4. Nc3 cxd4 5. Nxd4 a6 6. Bg5 Nbd7 7. Qd2 e6 8. Be2
Be7 9. O-O O-O 10. f4 h6 11. Bh4 Nc5 12. Bxf6 Bxf6 13. Kh1 Qb6 14. Rab1 Nxe4 15.
Nxe4 Bxd4 16. c3 d5 17. cxd4 dxe4 18. Qe3 Bd7 19. Qxe4 Bc6 20. Qe3 Rad8 21. Rfd1
Rd6 22. Rd2 Rfd8 23. Rbd1 a5 24. h3 a4 25. Kh2 Bd5 26. Ra1 R6d7 27. Kg3 Qb4 28.
Qc3 Qe7 29. Bf3 Bxf3 30. Kxf3 Qf6 31. Rad1 Rd5 32. g3 g5 33. Qe3 Rc8 34. Kg2 Qg6
35. Qd3 Qg7 36. fxg5 hxg5 37. Qe4 Rcd8 38. Kh2 b5 39. h4 e5 40. Re1 exd4 41. Rd3
R5d6 42. Qg4 gxh4 43. Qxg7+ Kxg7 44. gxh4 Re6 45. Rg1+ Kf8 46. Rg4 Re2+ 47. Rg2
Re4 48. Kh3 Ke7 49. Rg5 Ke6 50. Rxb5 f5 51. Kg3 Rg8+ 52. Kf3 Rxh4 53. Rb6+ Ke5
54. Rb5+ Ke6 55. Rb6+ Kd5 56. Ra3 Rh3+ 57. Kf4 Rxa3 58. bxa3 Re8 59. Kxf5 d3 60.
Rb7 Kd4 61. Kf4 Rh8 0-1

[Event "Mondiale Semilampo 2016"]
[Site "Doha QAT"]
[Date "2016.12.28"]
[Round "13.3"]
[White "Ivanchuk, Vassily"]
[Black "Dominguez Perez, Leinier"]
[Result "1/2-1/2"]
[WhiteTitle "GM"]
[BlackTitle "GM"]
[WhiteElo "2747"]
[BlackElo "2739"]
[WhiteFideId "14100010"]
[BlackFideId "3503240"]
[EventDate "2016.12.26"]

1. d4 Nf6 2. c4 e6 3. Nc3 Bb4 4. e3 O-O 5. Bd3 d5 6. cxd5 exd5 7. Ne2 Re8 8. O-O
b6 9. f3 c5 10. a3 Bxc3 11. bxc3 Ba6 12. Bxa6 Nxa6 13. Ra2 Nc7 14. a4 Rc8 15.
Bd2 Qd7 16. Nf4 h6 17. Nd3 Qf5 18. Qb1 Nd7 19. Nf4 Qf6 20. Qd3 Qc6 21. Rb1 Ne6
22. Ne2 Nf6 23. Be1 Re7 24. Qb5 Nd8 25. Bf2 Nb7 26. Ng3 Nd6 27. Qxc6 Rxc6 28. a5 1/2-1/2

[Event "Mondiale Semilampo 2016"]
[Site "Doha QAT"]
[Date "2016.12.28"]
[Round "13.6"]
[White "Aronian, Levon"]
[Black "Anand, Viswanathan"]
[Result "1/2-1/2"]
[WhiteTitle "GM"]
[BlackTitle "GM"]
[WhiteElo "2785"]
[BlackElo "2779"]
[WhiteFideId "13300474"]
[BlackFideId "5000017"]
[EventDate "2016.12.26"]

1. c4 e5 2. g3 Nf6 3. Bg2 c6 4. d4 e4 5. Nc3 d5 6. cxd5 cxd5 7. Nh3 Bb4 8. O-O
Bxc3 9. bxc3 O-O 10. f3 exf3 11. Rxf3 h6 12. Qf1 Nbd7 13. a4 b6 14. g4 Ne4 15.
c4 Bb7 16. cxd5 Bxd5 17. Rf5 Ndf6 18. g5 Nxg5 19. Nxg5 Bxg2 20. Kxg2 Qxd4 21.
Ba3 Ng4 22. Rf4 Qd5+ 23. Qf3 Ne3+ 24. Kf2 hxg5 25. Qxd5 Nxd5 26. Rd4 Nf4 27.
Bxf8 Kxf8 28. a5 bxa5 29. Rxa5 Ne6 30. Rd7 g6 31. Kf3 a6 32. Rd6 Ke7 33. Rdxa6
Rh8 34. Kg3 g4 35. Kxg4 Rxh2 36. e3 Kf6 37. Ra1 Rg2+ 38. Kf3 Rg5 39. Rd1 Rf5+
40. Ke2 Kg7 41. Ra7 Ng5 42. Rd4 Rb5 43. Ra2 Kf6 44. Rc2 Kg7 45. Rd7 Ra5 46. Rc3
Ra2+ 47. Kd3 Ra1 48. Kc4 Ne4 49. Rcd3 Rc1+ 50. Kb4 Rb1+ 1/2-1/2

[Event "Mondiale Semilampo 2016"]
[Site "Doha QAT"]
[Date "2016.12.28"]
[Round "13.7"]
[White "Yu, Yangyi"]
[Black "Cheparinov, Ivan"]
[Result "1/2-1/2"]
[WhiteTitle "GM"]
[BlackTitle "GM"]
[WhiteElo "2729"]
[BlackElo "2689"]
[WhiteFideId "8603820"]
[BlackFideId "2905540"]
[EventDate "2016.12.26"]

1. e4 e5 2. Nf3 Nc6 3. Bb5 Nf6 4. d3 Bc5 5. Bxc6 dxc6 6. Nbd2 O-O 7. O-O Nd7 8.
Nc4 f6 9. Kh1 a5 10. Nh4 Nb6 11. Be3 Bd4 12. Nxb6 cxb6 13. Qc1 Be6 14. f4 exf4
15. Bxd4 Qxd4 16. Rxf4 c5 17. Rf1 a4 18. Nf3 Qd6 19. Qe3 b5 20. h3 b4 21. b3 b6
22. Rae1 Rae8 23. e5 fxe5 24. Qxe5 Qxe5 25. Rxe5 Bd7 26. Rfe1 Rxe5 27. Nxe5 Bb5
28. Kg1 g6 29. h4 Kg7 30. g4 h6 31. Kg2 g5 32. hxg5 hxg5 33. Nf3 Bc6 34. Re3
axb3 35. axb3 Bxf3+ 36. Rxf3 Ra8 37. Rf5 Kg6 38. Rd5 Ra2 39. Rd6+ Kf7 40. Rxb6
Rxc2+ 41. Kf3 Rc3 42. Ke4 Rxb3 43. Rb5 Rc3 44. d4 cxd4 45. Rxb4 d3 46. Rd4 1/2-1/2

[Event "Mondiale Semilampo 2016"]
[Site "Doha QAT"]
[Date "2016.12.28"]
[Round "13.8"]
[White "Vidit, Santosh Gujrathi"]
[Black "Melkumyan, Hrant"]
[Result "0-1"]
[WhiteTitle "GM"]
[BlackTitle "GM"]
[WhiteElo "2689"]
[BlackElo "2633"]
[WhiteFideId "5029465"]
[BlackFideId "13302485"]
[EventDate "2016.12.26"]

1. Nf3 c5 2. c4 g6 3. d4 cxd4 4. Nxd4 Nc6 5. e4 Nf6 6. Nc3 Nxd4 7. Qxd4 d6 8.
Bg5 Bg7 9. Qd2 O-O 10. Be2 a5 11. O-O a4 12. Qe3 Qa5 13. Rac1 Be6 14. f4 Rfc8
15. b3 axb3 16. axb3 Qc5 17. Qxc5 Rxc5 18. Bf3 Ra3 19. Rb1 h6 20. Bh4 Bxc4 21.
bxc4 Rxc3 22. Rxb7 g5 23. Bf2 R5xc4 24. fxg5 hxg5 25. Rxe7 Rc7 26. Rxc7 Rxc7 27.
h3 Nh7 28. h4 Be5 29. Rd1 Kg7 30. hxg5 Nxg5 31. Be3 Ne6 32. Bg4 Kf6 33. Rf1+ Ke7
34. Bh5 f6 35. Rc1 Rb7 36. Kf1 Rb3 37. Bf2 Ng5 38. Bg6 Ne6 39. Bf5 Rb2 40. Bxe6
Kxe6 41. Rc4 Ra2 42. Be3 Bg3 43. Bd4 Bf4 44. Rb4 Rd2 45. Ra4 Be5 46. Be3 Rb2 47.
Bf2 Bc3 48. Rc4 Be5 49. Ra4 Kf7 50. Be3 Kg6 51. Bd4 Rd2 52. Be3 Rc2 53. g4 Rb2
54. Rc4 Ra2 55. Rb4 Rh2 56. Rb8 Rh4 57. Ra8 Kf7 58. Ra7+ Kg6 59. Ra8 Rh2 60. g5
Rh4 61. gxf6 Rxe4 62. Kf2 Kxf6 63. Kf3 Rh4 64. Bf2 Rb4 65. Ra2 Rb3+ 66. Ke2 Kf5
67. Rc2 d5 68. Kd1 Bf4 69. Ra2 Ke4 70. Ra4+ Kf3 71. Ba7 Rc3 72. Ra1 d4 73. Bxd4
Rd3+ 74. Kc2 Rxd4 75. Rd1 Ra4 76. Kb3 Ra8 77. Kc4 Rc8+ 78. Kb5 Ke4 79. Rd7 Be5
80. Kb6 Bd4+ 81. Kb7 Rc1 82. Re7+ Kd5 83. Rd7+ Ke5 84. Rc7 Bc5 85. Kc8 Kd5 86.
Kd7 Rb1 87. Kc8 Bd6 88. Rb7 Ra1 89. Kd7 Ra5 90. Kc8 Ke6 91. Rb6 Ra7 92. Rb5 Rc7+
93. Kd8 Rc6 94. Rb7 Ra6 0-1

[Event "Mondiale Semilampo 2016"]
[Site "Doha QAT"]
[Date "2016.12.28"]
[Round "13.16"]
[White "Tomashevsky, Evgeny"]
[Black "Howell, David W L"]
[Result "1/2-1/2"]
[WhiteTitle "GM"]
[BlackTitle "GM"]
[WhiteElo "2716"]
[BlackElo "2644"]
[WhiteFideId "4147235"]
[BlackFideId "410608"]
[EventDate "2016.12.26"]

1. Nf3 Nf6 2. c4 c5 3. Nc3 d5 4. cxd5 Nxd5 5. e3 e6 6. Bc4 Be7 7. O-O O-O 8. d4
cxd4 9. exd4 Nc6 10. Re1 Bf6 11. Ne4 b6 12. Nxf6+ Nxf6 13. Bg5 Bb7 14. Rc1 Rc8
15. Rc3 Ne7 16. Bb3 Ned5 17. Rxc8 Qxc8 18. Ne5 Qc7 19. h4 h6 20. Bd2 Ne7 21. Bb4
Bd5 22. Qc1 Qb7 23. Bxe7 Qxe7 24. Re3 Bxb3 25. Rxb3 Nd5 26. g3 Qb7 27. Qc6 Qxc6
28. Nxc6 a5 29. Rb5 Ra8 30. Ne5 Rc8 31. Rb3 Rc7 32. Kg2 Kf8 33. Kf3 Ke7 34. Ke2
Rc2+ 35. Ke1 g5 36. hxg5 hxg5 37. Ng4 Rc6 38. Kd2 Kd6 39. Ne3 Nc7 40. a4 Nd5 41.
Rb5 1/2-1/2

[Event "Mondiale Semilampo 2016"]
[Site "Doha QAT"]
[Date "2016.12.28"]
[Round "13.17"]
[White "Li, Chao b"]
[Black "Bu, Xiangzhi"]
[Result "1/2-1/2"]
[WhiteTitle "GM"]
[BlackTitle "GM"]
[WhiteElo "2720"]
[BlackElo "2705"]
[WhiteFideId "8604436"]
[BlackFideId "8601445"]
[EventDate "2016.12.26"]

1. d4 d5 2. c4 c6 3. Nf3 Nf6 4. cxd5 cxd5 5. Nc3 Nc6 6. Bf4 Bf5 7. e3 e6 8. Bd3
Bxd3 9. Qxd3 Bd6 10. Bxd6 Qxd6 11. O-O O-O 12. Rfc1 Rfc8 13. h3 h6 14. Nd2 Nd7
15. Ne2 Rc7 16. a3 Rac8 17. Rc3 Ne7 18. Rac1 Rxc3 19. Rxc3 Rxc3 20. Qxc3 Qc6 21.
Kf1 Kf8 22. Qxc6 Nxc6 23. Nc3 Ke7 24. Ke2 a6 25. Kd3 Kd6 26. f4 f5 27. Ne2 Nf6 1/2-1/2

[Event "Mondiale Semilampo 2016"]
[Site "Doha QAT"]
[Date "2016.12.28"]
[Round "13.21"]
[White "Nguyen, Ngoc Truong Son"]
[Black "Malakhov, Vladimir"]
[Result "1/2-1/2"]
[WhiteTitle "GM"]
[BlackTitle "GM"]
[WhiteElo "2629"]
[BlackElo "2713"]
[WhiteFideId "12401110"]
[BlackFideId "4120787"]
[EventDate "2016.12.26"]

1. d4 d5 2. Nf3 Nf6 3. Bf4 e6 4. e3 Bd6 5. Bg3 O-O 6. c4 c5 7. Bxd6 Qxd6 8. cxd5
Nxd5 9. dxc5 Qxc5 10. Nbd2 Nc6 11. Rc1 Qe7 12. Bb5 Bd7 13. O-O Rfd8 14. a3 Rac8
15. Qe2 Be8 16. Ne4 Nf6 17. Nxf6+ Qxf6 18. Rc3 Ne5 19. Rxc8 Rxc8 20. Bxe8 Nxf3+
21. Qxf3 Qxf3 22. gxf3 Rxe8 23. Rc1 Kf8 24. Rc7 Re7 25. Rc8+ Re8 26. Rc7 1/2-1/2

[Event "Mondiale Semilampo 2016"]
[Site "Doha QAT"]
[Date "2016.12.28"]
[Round "13.22"]
[White "Onischuk, Vladimir"]
[Black "Bortnyk, Olexandr"]
[Result "1/2-1/2"]
[WhiteTitle "GM"]
[BlackTitle "GM"]
[WhiteElo "2601"]
[BlackElo "2581"]
[WhiteFideId "14114038"]
[BlackFideId "14120828"]
[EventDate "2016.12.26"]

1. Nf3 d6 2. e4 Nf6 3. Nc3 e5 4. d4 Nbd7 5. g3 c6 6. Bg2 Be7 7. O-O O-O 8. a4
Qc7 9. Re1 a5 10. h3 Re8 11. b3 b6 12. Ba3 Ba6 13. Qd2 Rad8 14. Rad1 Bf8 15. Qc1
b5 16. Bb2 b4 17. Nb1 exd4 18. Nxd4 g6 19. Nd2 Bh6 20. Qa1 d5 21. f4 Nh5 22. Re3
dxe4 23. Nxe4 f5 24. Nxc6 Qxc6 25. Nf6+ Ndxf6 26. Bxc6 Rxd1+ 27. Qxd1 Rxe3 28.
Qd8+ Kf7 29. Bd5+ Nxd5 30. Qxd5+ Re6 31. Qxa5 Nxg3 32. Be5 Ne2+ 33. Kf2 Nxf4 34.
Bxf4 Bxf4 35. Qxb4 Be3+ 36. Kg2 f4 37. c4 Rb6 38. Qc3 Bb7+ 39. Kf1 Rf6 40. b4
Bf3 41. Qe5 Re6 42. Qc7+ Re7 43. Qd6 Be2+ 44. Kxe2 Bc5+ 45. Qxe7+ Bxe7 46. c5
Ke6 47. Kf3 g5 48. Ke4 Kd7 49. a5 Kc7 50. a6 Kb8 51. Kd4 f3 52. Ke3 Ka7 53. Kxf3
h5 54. b5 Bxc5 55. Ke4 Be7 56. Kf5 Kb6 57. Ke4 Bd6 58. Kf5 Be7 59. Ke4 Kc7 60.
Kf5 Bd8 61. Ke4 Bf6 62. Kf5 Be7 63. Ke4 Bc5 64. Kf5 Be3 65. Ke4 Bc1 66. Kf5 Kb6
67. Ke4 Ba3 68. Kf5 Be7 69. Ke4 Bf8 70. Kf5 Bh6 71. Ke4 Bf8 72. Kf5 Be7 1/2-1/2

[Event "Mondiale Semilampo 2016"]
[Site "Doha QAT"]
[Date "2016.12.28"]
[Round "13.24"]
[White "Akopian, Vladimir"]
[Black "Anton Guijarro, David"]
[Result "0-1"]
[WhiteTitle "GM"]
[BlackTitle "GM"]
[WhiteElo "2675"]
[BlackElo "2650"]
[WhiteFideId "13300032"]
[BlackFideId "2285525"]
[EventDate "2016.12.26"]

1. e4 e5 2. Nf3 Nc6 3. Bb5 a6 4. Ba4 Nf6 5. d3 b5 6. Bb3 Bc5 7. Nc3 h6 8. Nd5 d6
9. c3 O-O 10. O-O Rb8 11. d4 Ba7 12. Be3 Ng4 13. h3 Nxe3 14. fxe3 Na5 15. Bc2 c6
16. Nb4 c5 17. Nd5 Nc6 18. dxe5 dxe5 19. Qe1 c4 20. Nh4 Ne7 21. Rd1 Nxd5 22.
exd5 Qg5 23. Kh1 Qxe3 24. d6 Qxe1 25. Rdxe1 Bc5 26. Rd1 Be6 27. Bf5 Rbd8 28.
Bxe6 fxe6 29. Rxf8+ Kxf8 30. d7 Ke7 31. Ng6+ Kf6 32. Nh4 e4 33. g4 g5 34. Ng2
Ke7 0-1

[Event "Mondiale Semilampo 2016"]
[Site "Doha QAT"]
[Date "2016.12.28"]
[Round "13.25"]
[White "Zhigalko, Sergei"]
[Black "Ganguly, Surya Shekhar"]
[Result "0-1"]
[WhiteTitle "GM"]
[BlackTitle "GM"]
[WhiteElo "2671"]
[BlackElo "2668"]
[WhiteFideId "13502956"]
[BlackFideId "5002150"]
[EventDate "2016.12.26"]

1. e4 e5 2. Nf3 Nc6 3. Bb5 Nf6 4. d3 Bc5 5. Bxc6 dxc6 6. Nbd2 O-O 7. Nc4 Nd7 8.
Be3 f6 9. Qd2 Bxe3 10. Nxe3 Nc5 11. O-O-O Be6 12. Kb1 a5 13. h4 Qe7 14. h5 Rfd8
15. Rh4 Qf7 16. a3 b5 17. d4 b4 18. axb4 axb4 19. Qxb4 Na4 20. d5 Rdb8 21. dxe6
Qxe6 22. Qc4 Qxc4 23. Nxc4 Nc3+ 24. Kc1 Ra1+ 25. Kd2 Nxd1 26. b3 Nxf2 27. Ke2
Nd1 28. Rg4 Rd8 29. Nh4 Nc3+ 30. Kf2 Rd4 31. Nf5 Nxe4+ 32. Kf3 Rf1+ 0-1

[Event "Mondiale Semilampo 2016"]
[Site "Doha QAT"]
[Date "2016.12.28"]
[Round "13.26"]
[White "Quparadze, Giga"]
[Black "Artemiev, Vladislav"]
[Result "1-0"]
[WhiteTitle "IM"]
[BlackTitle "GM"]
[WhiteElo "2481"]
[BlackElo "2653"]
[WhiteFideId "13602250"]
[BlackFideId "24101605"]
[EventDate "2016.12.26"]

1. e4 c5 2. Nf3 d6 3. d4 cxd4 4. Nxd4 Nf6 5. Nc3 a6 6. h3 e6 7. g4 Nfd7 8. g5 b5
9. a3 Bb7 10. Be3 Be7 11. h4 Nc6 12. Qd2 Rc8 13. f4 b4 14. axb4 Nxb4 15. Bg2 Nb6
16. b3 e5 17. Nde2 d5 18. fxe5 dxe4 19. Rd1 O-O 20. O-O Qxd2 21. Rxd2 N6d5 22.
Bd4 Nxc3 23. Bxc3 Bc5+ 24. Kh2 Nd5 25. Bxe4 Ne3 26. Rf4 Bxe4 27. Rxe4 Nf1+ 28.
Kg2 Nxd2 29. Bxd2 Rfd8 30. Bf4 Ba7 31. c3 Rc6 32. h5 Kf8 33. Bc1 Ke8 34. Ba3 Rd3
35. Bc1 Rd1 36. Bf4 Kd7 37. Be3 Bxe3 38. Rxe3 Rd5 39. Nf4 Rd2+ 40. Kf3 Rb2 41.
Rd3+ Ke8 42. b4 Rc2 43. Ne2 h6 44. gxh6 Rxh6 45. Nf4 Rc6 46. Ne2 f6 47. Re3 fxe5
48. Rxe5+ Kf7 49. Re3 Rf6+ 50. Kg4 Rd2 51. Nf4 Rd1 52. Rg3 Re1 53. Ng6 Rff1 54.
Rd3 Rg1+ 55. Kf5 Ref1+ 56. Nf4 Kg8 57. c4 Rd1 58. Re3 Rge1 59. Rg3 Rd7 60. Nd3
Rf7+ 61. Kg5 Re4 62. c5 Kh7 63. Rg4 Re3 64. Rd4 Rg3+ 65. Kh4 Rg2 66. Nf4 Rg1 67.
Rc4 Rd1 68. c6 Rd8 69. Ne6 Rc8 70. Ng5+ Kg8 71. Nxf7 Kxf7 72. c7 g6 73. h6 Kf6
74. Rc5 1-0

[Event "Mondiale Semilampo 2016"]
[Site "Doha QAT"]
[Date "2016.12.28"]
[Round "13.27"]
[White "Lu, Shanglei"]
[Black "Wojtaszek, Radoslaw"]
[Result "0-1"]
[WhiteTitle "GM"]
[BlackTitle "GM"]
[WhiteElo "2627"]
[BlackElo "2749"]
[WhiteFideId "8603332"]
[BlackFideId "1118358"]
[EventDate "2016.12.26"]

1. e4 c5 2. Nf3 d6 3. d4 cxd4 4. Nxd4 Nf6 5. Nc3 a6 6. h3 e5 7. Nb3 Be6 8. f4 g6
9. Qf3 Nc6 10. f5 Bxb3 11. axb3 Nd4 12. Qf2 gxf5 13. exf5 d5 14. Bg5 Rg8 15.
Bxf6 Qxf6 16. Nxd5 Qc6 17. c4 O-O-O 18. Bd3 Nxb3 19. Rd1 Bc5 20. Qf3 Qh6 21. Qe4
Rg3 22. Be2 Bd4 23. Rxd4 Nxd4 24. Qxe5 Rxd5 25. cxd5 Nc2+ 26. Kf2 Re3 27. Qh8+
Kd7 28. Qb8 Qb6 29. Kf1 Re8 30. Qg3 Ne3+ 31. Kg1 Nxd5+ 32. Kf1 Ne3+ 33. Kg1
Nxf5+ 34. Qf2 Qxf2+ 0-1

[Event "Mondiale Semilampo 2016"]
[Site "Doha QAT"]
[Date "2016.12.28"]
[Round "13.28"]
[White "Dreev, Aleksey"]
[Black "Volokitin, Andrei"]
[Result "0-1"]
[WhiteTitle "GM"]
[BlackTitle "GM"]
[WhiteElo "2652"]
[BlackElo "2649"]
[WhiteFideId "4100107"]
[BlackFideId "14107090"]
[EventDate "2016.12.26"]

1. d4 Nf6 2. Nf3 g6 3. g3 Bg7 4. Bg2 d5 5. c4 c6 6. Qb3 O-O 7. O-O Qb6 8. Nc3
Rd8 9. Rd1 Bf5 10. Ne1 dxc4 11. Qxc4 Be6 12. Qa4 Na6 13. e4 Bg4 14. Bf3 Rd7 15.
Rb1 Rad8 16. Qc2 e5 17. Bg5 exd4 18. Bxg4 Nxg4 19. Bxd8 Qxd8 20. Ne2 Nb4 21. Qc4
d3 22. Nf4 Qb6 23. Nh3 Bd4 24. Rd2 Bxf2+ 25. Nxf2 Nxf2 26. Rxf2 d2 27. Kf1
dxe1=Q+ 28. Rxe1 Nd3 29. Rd2 Ne5 30. Qc3 Rxd2 31. Qxd2 Nf3 32. Qg2 Nxe1 33. Kxe1
Qa5+ 34. Kd1 Qxa2 35. Qc2 a5 36. Kc1 Qa1+ 37. Kd2 Qg1 38. Kd3 Qb6 39. Qc3 Qb4
40. Qf6 h5 41. Ke3 Qe1+ 42. Kd3 Qb1+ 43. Ke3 Qg1+ 44. Kd3 Qxh2 45. Qd8+ Kg7 46.
Qd4+ Kh7 47. Qe5 h4 48. Qf6 Qxg3+ 49. Kc4 Kg8 50. Qd8+ Kg7 51. Qd4+ f6 52. Qd7+
Kh6 0-1

[Event "Mondiale Semilampo 2016"]
[Site "Doha QAT"]
[Date "2016.12.28"]
[Round "13.29"]
[White "Leko, Peter"]
[Black "Mamedov, Rauf"]
[Result "1/2-1/2"]
[WhiteTitle "GM"]
[BlackTitle "GM"]
[WhiteElo "2693"]
[BlackElo "2688"]
[WhiteFideId "703303"]
[BlackFideId "13401653"]
[EventDate "2016.12.26"]

1. e4 c5 2. Nf3 Nc6 3. d4 cxd4 4. Nxd4 Nf6 5. Nc3 e5 6. Ndb5 d6 7. Bg5 a6 8. Na3
Be6 9. Nc4 Rb8 10. Nd5 Bxd5 11. Bxf6 Qxf6 12. Qxd5 Nb4 13. Qd2 d5 14. exd5 Rd8
15. d6 Bxd6 16. Nxd6+ Qxd6 17. Rd1 Qxd2+ 18. Rxd2 Ke7 19. a3 Nc6 20. Bc4 e4 21.
Bd5 f5 22. Ke2 Rd7 23. Rhd1 Ne5 24. Bb3 g6 25. Rd5 Rxd5 26. Rxd5 Nd7 27. f3
exf3+ 28. Kxf3 Rc8 29. c3 Nc5 30. Bc2 Ne6 31. h4 Rc6 32. Bd3 Nc5 33. Bc2 Ne6 34.
Bd3 Nc5 35. Bc2 Ne6 1/2-1/2

[Event "Mondiale Semilampo 2016"]
[Site "Doha QAT"]
[Date "2016.12.28"]
[Round "13.30"]
[White "Banikas, Hristos"]
[Black "Vallejo Pons, Francisco"]
[Result "1-0"]
[WhiteTitle "GM"]
[BlackTitle "GM"]
[WhiteElo "2568"]
[BlackElo "2711"]
[WhiteFideId "4202031"]
[BlackFideId "2205530"]
[EventDate "2016.12.26"]

1. Nf3 e6 2. c4 f5 3. g3 b6 4. Bg2 Bb7 5. O-O Nf6 6. Nc3 Bb4 7. Qc2 a5 8. d3 Na6
9. Bd2 O-O 10. a3 Be7 11. Rae1 Qe8 12. e4 fxe4 13. dxe4 Qh5 14. h3 Nc5 15. Nd4
e5 16. Nf5 Rae8 17. b4 axb4 18. axb4 Ne6 19. Nd5 Bd8 20. Qd3 d6 21. Ra1 Kh8 22.
Ra7 Bc8 23. Nxb6 cxb6 24. Nxd6 Bc7 25. Nxe8 Rxe8 26. Be3 Rd8 27. Qc2 h6 28. b5
Bb8 29. Bxb6 Bxa7 30. Bxd8 Nxd8 31. c5 Ne6 32. b6 Bb8 33. c6 Nd4 34. c7 Bxc7 35.
Qxc7 Bxh3 36. f3 Qg5 37. b7 Kh7 38. b8=Q Qxg3 39. Qb2 Bxg2 40. Qxg2 Ne2+ 41. Kh1
Qh4+ 42. Qh2 Ng3+ 43. Kg2 Qxh2+ 44. Kxh2 Nxf1+ 45. Kg2 Ne3+ 46. Kf2 1-0

[Event "Mondiale Semilampo 2016"]
[Site "Doha QAT"]
[Date "2016.12.28"]
[Round "13.31"]
[White "Naiditsch, Arkadij"]
[Black "Vitiugov, Nikita"]
[Result "1/2-1/2"]
[WhiteTitle "GM"]
[BlackTitle "GM"]
[WhiteElo "2687"]
[BlackElo "2726"]
[WhiteFideId "4650891"]
[BlackFideId "4152956"]
[EventDate "2016.12.26"]

1. e4 c5 2. Nf3 e6 3. d4 cxd4 4. Nxd4 Nc6 5. Nb5 d6 6. c4 Nf6 7. N1c3 a6 8. Na3
Be7 9. Be2 b6 10. O-O Bb7 11. Be3 Ne5 12. f3 Ned7 13. Nc2 Qc7 14. Rc1 O-O 15.
Nd4 Rac8 16. Qd2 Rfe8 17. Rfd1 Qb8 18. Kh1 Ne5 19. b3 Ba8 20. Bf1 Bd8 21. Bg1
Bc7 22. b4 Rcd8 23. Qc2 h5 24. Bf2 Ng6 25. Qa4 d5 26. cxd5 exd5 27. Nxd5 Nxd5
28. exd5 Bxd5 29. Nc6 Bxc6 30. Qxc6 Bf4 31. Rb1 Re6 32. Rxd8+ Qxd8 33. Qc2 Rd6
34. Bg1 b5 35. Re1 h4 36. Qf5 Rd5 37. Qe4 Re5 38. Qb1 Rxe1 39. Qxe1 Qd5 40. Qe2
Ne5 41. Qc2 Nc4 42. a4 h3 43. gxh3 Nd6 44. axb5 axb5 45. Be2 Qe5 46. Bd3 Qe1 47.
Qc5 g6 48. Bxb5 Nf5 49. Qc8+ Kg7 50. Qc4 Be3 51. Qf1 Qxb4 52. Bd3 Bxg1 53. Bxf5 1/2-1/2

[Event "Mondiale Semilampo 2016"]
[Site "Doha QAT"]
[Date "2016.12.28"]
[Round "13.33"]
[White "Najer, Evgeniy"]
[Black "Mchedlishvili, Mikheil"]
[Result "1-0"]
[WhiteTitle "GM"]
[BlackTitle "GM"]
[WhiteElo "2679"]
[BlackElo "2601"]
[WhiteFideId "4118987"]
[BlackFideId "13600966"]
[EventDate "2016.12.26"]

1. e4 d6 2. d4 g6 3. Nc3 Bg7 4. Be3 a6 5. Nf3 b5 6. e5 Nd7 7. Bd3 Bb7 8. e6 fxe6
9. Ng5 Nf8 10. O-O Nf6 11. f3 h6 12. Nge4 Nd5 13. Nxd5 exd5 14. Ng3 e5 15. c3
Qf6 16. f4 e4 17. Be2 Bc8 18. a4 b4 19. f5 gxf5 20. Bg4 h5 21. Bxf5 Bxf5 22.
Rxf5 Qg6 23. Qb3 Ne6 24. Qxd5 Kd7 25. Raf1 Raf8 26. Nxe4 Rxf5 27. Qxf5 Qxf5 28.
Rxf5 Re8 29. Kf2 h4 30. Kf3 h3 31. g4 Nd8 32. Rh5 Kc6 33. Rxh3 Ne6 34. Rh5 d5
35. Nf2 b3 36. Nd3 Bf8 37. h4 Bd6 38. Rf5 1-0

[Event "Mondiale Semilampo 2016"]
[Site "Doha QAT"]
[Date "2016.12.28"]
[Round "13.34"]
[White "Matlakov, Maxim"]
[Black "Borisek, Jure"]
[Result "1-0"]
[WhiteTitle "GM"]
[BlackTitle "GM"]
[WhiteElo "2694"]
[BlackElo "2561"]
[WhiteFideId "4168003"]
[BlackFideId "14603152"]
[EventDate "2016.12.26"]

1. Nf3 c5 2. c4 Nc6 3. d4 cxd4 4. Nxd4 Qb6 5. Nb3 e6 6. a3 Nf6 7. Nc3 Be7 8. e4
O-O 9. Be2 Qc7 10. O-O b6 11. f4 d6 12. Be3 Bb7 13. Rc1 Rad8 14. Bf3 Qb8 15. Qe2
Rfe8 16. g4 Nd7 17. g5 Bf8 18. Nd2 g6 19. b4 Bg7 20. Qf2 Ne7 21. Nb3 Rc8 22. Ne2
f5 23. gxf6 Nxf6 24. Ng3 d5 25. cxd5 exd5 26. e5 Ne4 27. Qg2 Qa8 28. Nd4 Rxc1
29. Rxc1 Rc8 30. Re1 Rc3 31. Nb5 Rc4 32. Nd6 Nxd6 33. exd6 Nf5 34. Nxf5 gxf5 35.
Bd4 Rxd4 36. d7 Re4 37. Bxe4 fxe4 38. Qg5 1-0

[Event "Mondiale Semilampo 2016"]
[Site "Doha QAT"]
[Date "2016.12.28"]
[Round "13.35"]
[White "Moiseenko, Alexander"]
[Black "Xu, Yi"]
[Result "1-0"]
[WhiteTitle "GM"]
[BlackTitle "IM"]
[WhiteElo "2657"]
[BlackElo "2430"]
[WhiteFideId "14102560"]
[BlackFideId "8605564"]
[EventDate "2016.12.26"]

1. d4 Nf6 2. c4 e6 3. Nc3 Bb4 4. Nf3 d5 5. cxd5 exd5 6. Bf4 Ne4 7. Rc1 g5 8. Bd2
Nxd2 9. Nxd2 c6 10. e3 Bf5 11. Be2 Nd7 12. O-O Qe7 13. Re1 O-O 14. Nb3 Bg6 15.
a3 Bd6 16. Na5 Nf6 17. b4 Ne4 18. Nxe4 dxe4 19. Qb3 Kh8 20. d5 Qe5 21. g3 Qxd5
22. Qxd5 cxd5 23. Nxb7 Be5 24. Rc5 Rab8 25. Na5 Bb2 26. Nc6 Bxa3 27. Nxb8 Rxb8
28. Rxd5 Bxb4 29. Rb1 h6 30. Ra5 Bxa5 31. Rxb8+ Kg7 32. Rb5 Bb6 33. Bg4 f6 34.
Bf5 h5 35. Bxg6 Kxg6 36. h3 g4 37. h4 Bc7 38. Kf1 Bb6 39. Ke2 Bc7 40. Kd2 Bd6
41. Kc3 f5 42. Ra5 Bb8 43. Ra6+ Kg7 44. Kd4 Kf7 45. Kd5 Ke7 46. Rh6 a5 47. Rxh5
a4 48. Rh7+ Kf6 49. Rh6+ Kf7 50. Rb6 1-0

[Event "Mondiale Semilampo 2016"]
[Site "Doha QAT"]
[Date "2016.12.28"]
[Round "13.36"]
[White "Pantsulaia, Levan"]
[Black "Adhiban, Baskaran"]
[Result "0-1"]
[WhiteTitle "GM"]
[BlackTitle "GM"]
[WhiteElo "2607"]
[BlackElo "2666"]
[WhiteFideId "13602071"]
[BlackFideId "5018471"]
[EventDate "2016.12.26"]

1. Nf3 Nf6 2. g3 g6 3. b3 Bg7 4. Bb2 O-O 5. Bg2 d6 6. d4 a5 7. O-O a4 8. c4 axb3
9. Qxb3 Nc6 10. Nbd2 Nd7 11. Qc2 e5 12. d5 Nb4 13. Qb1 Na6 14. a4 Nac5 15. Qc2
f5 16. e3 e4 17. Nd4 Ne5 18. a5 Bd7 19. Bc3 Qe8 20. Rfb1 g5 21. Nb5 Rc8 22. Bd4
Qh5 23. Ra2 f4 24. Bxc5 dxc5 25. Nxe4 fxe3 26. fxe3 Ng4 27. Bh1 Nxe3 28. Qe2
Qxe2 29. Rxe2 Nxc4 30. Nxc5 Bxb5 31. Rxb5 Bd4+ 32. Kg2 Nd6 33. Reb2 Nxb5 34.
Rxb5 c6 35. Rxb7 Bxc5 36. Kh3 cxd5 37. Bxd5+ Kh8 38. a6 Ra8 39. Rb5 Rac8 40. Rb7
h5 41. Be4 Rce8 42. Bd3 Re3 43. Rh7+ Kg8 44. Rxh5 Rxd3 45. Rxg5+ Kf7 46. Rxc5
Ra3 47. Kg4 Rxa6 48. Rf5+ Kg7 49. Rb5 Rd8 50. h4 Rg6+ 0-1